| 000 | 00716nam a22001937a 4500 | ||
|---|---|---|---|
| 003 | BD-DhUL | ||
| 005 | 20160823161451.0 | ||
| 008 | 160823s1975 bg ||||| |||| 00| 0 ben | ||
| 040 |
_aBD-DhUL _cBD-DhUL |
||
| 082 |
_a398.95492 _bABB |
||
| 100 | 1 | _aআবদুল হাফিজ | |
| 245 | 1 | 0 |
_aবাঙলাদেশের লৌকিক ঐতিহ্য / _cআবদুল হাফিজ |
| 260 |
_aঢাকা : _bবাংলা একাডেমী, _c১৯৭৫ |
||
| 300 |
_a[১২], ৩১৪ পৃ. : _bচিত্র ; _c২০ সেমি |
||
| 365 |
_aBDT _b25 |
||
| 650 | 0 | _aলোককাহিনী - বাংলাদেশ | |
| 650 | 0 | _aLegend - Bangladesh | |
| 942 |
_2ddc _cBK |
||
| 999 |
_c100905 _d100905 |
||